| 000 | 01131cam a2200301 a 4500 | ||
|---|---|---|---|
| 001 | 216426 | ||
| 003 | OCoLC | ||
| 005 | 20220304142050.0 | ||
| 008 | 050406s2004 nyu b 000 ng | ||
| 010 | _a2003109509 | ||
| 020 | _a9781101160602 | ||
| 100 | 1 |
_aTolstoy, Leo, _cgraf, _d1828-1910. |
|
| 240 | 1 | 0 |
_aShort stories. _lEnglish. _kSelections. |
| 245 | 1 | 4 |
_aThe death of Ivan Ilych and other stories _h[electronic resource] / _cLeo Tolstoy ; introduction and notes by David Goldfarab. |
| 260 |
_aNew York : _bPenguin Books, _cc2008. |
||
| 300 |
_a1 online resource (368 p.) ; _c18 cm. |
||
| 336 | _atext | ||
| 337 | _acomputer | ||
| 338 | _aonline resource | ||
| 440 | 0 | _aBarnes & Noble classics. | |
| 504 | _aIncludes bibliographical references (p. 367-368). | ||
| 505 | 0 | _aFamily happiness -- The death of Ivan Ilych -- The Kreutzer sonata -- Hadji Murad. | |
| 600 | 1 | 0 |
_aTolstoy, Leo, _cgraf, _d1828-1910 _vTranslations into English. |
| 655 | 4 | _aElectronic books | |
| 700 | 1 | _aGoldfarb, David. | |
| 856 | _uhttps://drive.google.com/file/d/1CvEWVhdwsby2g7wpO845m0Hjz52cKT-M/view?usp=sharing | ||
| 942 |
_2lcc _cEBK |
||
| 999 |
_c50733 _d50733 |
||